Ian McKellen… or Patrick Stewart? - Statistics

General Stats
  • This quiz has been taken 310 times
  • The average score is 10 of 15
Answer Stats
Question Answer % Correct
Appeared in the Lord of the Rings movies Ian McKellen
96%
Appeared in Star Trek movies Patrick Stewart
90%
Will compete in the 2024 Paris Olympics Neither
88%
Performed on stage with the other one Both
82%
Is the younger of the two Patrick Stewart
78%
Appeared in X-Men movies Both
76%
Knighted by Queen Elizabeth II to become a "Sir" Both
73%
Appeared in the Harry Potter movies Neither
73%
Played Macbeth on stage Both
61%
Born in Northern England Both
46%
Received Oscar nominations Ian McKellen
44%
Has a tattoo Ian McKellen
43%
Publicly argued with James Cordon Patrick Stewart
40%
Became a Minister to officiate at the other one's wedding Ian McKellen
35%
Appeared in the Ricky Gervais TV series Extras Both
33%
No matching quizzes found
Score Distribution
Percent of People with Each Score
Percentile by Number Answered
Your Score History
You have not taken this quiz